LEADER 01218nam0 22002771i 450 001 UON00230026 005 20240517035920.743 100 $a20030730d1967 |0itac50 ba 101 $ager 102 $aDE 105 $a|||| ||||| 200 1 $aˆDas ‰ Irrationalitatsproblem in der Asthetik und Logik des 18. Jahrhunderts bis zur Kritik der Urteilskraft$fAlfred Baeumler 210 $aDarmstadt$cWissenschaftliche Buchgesellscaft$d1975 215 $aX, 355 p.$d22 cm 606 $aEstetica$xSec. 18.$3UONC080500$2FI 606 $aLogica$3UONC024361$2FI 620 $aDE$dDarmstadt$3UONL000227 676 $a121.3$cOrigine, fonti, mezzi della conoscenza$v20 700 1$aBAEUMLER$bAlfred$3UONV116054$0152562 712 $aWissenschaftliche Buchgesellschaft$3UONV246154$4650 801 $aIT$bSOL$c20250808$gRICA 899 $aSIBA - SISTEMA BIBLIOTECARIO DI ATENEO$2UONSI 912 $aUON00230026 950 $aSIBA - SISTEMA BIBLIOTECARIO DI ATENEO$dSI FS 01334 $eSI LO 5782 5 996 $aIrrationalitätsproblem in der Ästhetik und Logik des 18. Jahrhunderts bis zur Kritik der Urteilskraft$9180582 997 $aUNIOR LEADER 04366nam 22007575 450 001 9910337841503321 005 20251116212358.0 010 $a3-030-19823-5 024 7 $a10.1007/978-3-030-19823-7 035 $a(CKB)4100000008160588 035 $a(DE-He213)978-3-030-19823-7 035 $a(MiAaPQ)EBC5917873 035 $a(PPN)236519948 035 $a(EXLCZ)994100000008160588 100 $a20190511d2019 u| 0 101 0 $aeng 135 $aurnn|008mamaa 181 $ctxt$2rdacontent 182 $cc$2rdamedia 183 $acr$2rdacarrier 200 10$aArtificial Intelligence Applications and Innovations $e15th IFIP WG 12.5 International Conference, AIAI 2019, Hersonissos, Crete, Greece, May 24?26, 2019, Proceedings /$fedited by John MacIntyre, Ilias Maglogiannis, Lazaros Iliadis, Elias Pimenidis 205 $a1st ed. 2019. 210 1$aCham :$cSpringer International Publishing :$cImprint: Springer,$d2019. 215 $a1 online resource (XXIV, 689 p. 265 illus., 185 illus. in color.) 225 1 $aIFIP Advances in Information and Communication Technology,$x1868-422X ;$v559 300 $aIncludes Index. 311 08$a3-030-19822-7 330 $aThis book constitutes the refereed proceedings of the 15th IFIP WG 12.5 International Conference on Artificial Intelligence Applications and Innovations, AIAI 2019, held in Hersonissos, Crete, Greece, in May 2019. The 49 full papers and 6 short papers presented were carefully reviewed and selected from 101 submissions. They cover a broad range of topics such as deep learning ANN; genetic algorithms - optimization; constraints modeling; ANN training algorithms; social media intelligent modeling; text mining/machine translation; fuzzy modeling; biomedical and bioinformatics algorithms and systems; feature selection; emotion recognition; hybrid Intelligent models; classification - pattern recognition; intelligent security modeling; complex stochastic games; unsupervised machine learning; ANN in industry; intelligent clustering; convolutional and recurrent ANN; recommender systems; intelligent telecommunications modeling; and intelligent hybrid systems using Internet of Things. The papers are organized in the following topical sections: AI anomaly detection - active learning; autonomous vehicles - aerial vehicles; biomedical AI; classification - clustering; constraint programming - brain inspired modeling; deep learning - convolutional ANN; fuzzy modeling; learning automata - logic based reasoning; machine learning - natural language; multi agent - IoT; nature inspired flight and robot; control - machine vision; and recommendation systems. 410 0$aIFIP Advances in Information and Communication Technology,$x1868-422X ;$v559 606 $aArtificial intelligence 606 $aData mining 606 $aComputer vision 606 $aInformation storage and retrieval systems 606 $aApplication software 606 $aMachine theory 606 $aArtificial Intelligence 606 $aData Mining and Knowledge Discovery 606 $aComputer Vision 606 $aInformation Storage and Retrieval 606 $aComputer and Information Systems Applications 606 $aFormal Languages and Automata Theory 615 0$aArtificial intelligence. 615 0$aData mining. 615 0$aComputer vision. 615 0$aInformation storage and retrieval systems. 615 0$aApplication software. 615 0$aMachine theory. 615 14$aArtificial Intelligence. 615 24$aData Mining and Knowledge Discovery. 615 24$aComputer Vision. 615 24$aInformation Storage and Retrieval. 615 24$aComputer and Information Systems Applications. 615 24$aFormal Languages and Automata Theory. 676 $a006.3 676 $a006.3 702 $aMacintyre$b John$4edt$4http://id.loc.gov/vocabulary/relators/edt 702 $aMaglogiannis$b Ilias$4edt$4http://id.loc.gov/vocabulary/relators/edt 702 $aIliadis$b Lazaros$4edt$4http://id.loc.gov/vocabulary/relators/edt 702 $aPimenidis$b Elias$4edt$4http://id.loc.gov/vocabulary/relators/edt 801 0$bMiAaPQ 801 1$bMiAaPQ 801 2$bMiAaPQ 906 $aBOOK 912 $a9910337841503321 996 $aArtificial Intelligence Applications and Innovations$91918852 997 $aUNINA LEADER 03638oam 2200721 c 450 001 9910959743903321 005 20260302090207.0 010 $a9783838269900 010 $a383826990X 024 3 $a9783838269900 035 $a(CKB)4340000000252632 035 $a(MiAaPQ)EBC5782821 035 $a(Perlego)773131 035 $a(ibidem)9783838269900 035 $a(EXLCZ)994340000000252632 100 $a20260302d2017 uy 0 101 0 $aeng 135 $aurcnu|||||||| 181 $ctxt$2rdacontent 182 $cc$2rdamedia 183 $acr$2rdacarrier 200 00$aReligion and Magic in Socialist and Post-Socialist Contexts II $eBaltic, Eastern European, and Post-USSR Case Studies /$fAlexandra Cotofana, James Nyce, Andreas Umland, Anita Stasulane, James M. Nyce, Alexandra Co?ofan?, Larisa Jasarevic, Zlatina Bogdanova, Sibelan Forrester, Gabriel Girigan, Reet Hiiemäe, Danijela Jerotijevi?, Iveta Leitane, René Provis, Ioana Repciuc, Jessica Pollock 205 $a1st ed. 210 $aHannover$cibidem$d2017 215 $a1 online resource (323 pages) 225 0 $aSoviet and Post-Soviet Politics and Society$v173 311 08$a9783838209906 311 08$a3838209907 320 $aIncludes bibliographical references. 330 $aReligion and magic have often played important roles in Baltic, Eastern European, and post- USSR societies like those in Russia, Romania, Serbia, Latvia, Kyrgyzstan, and Estonia. Taken together, the studies presented in this collection suggest that the idea that religion and magic are connected to each other in some consistent, universal way may be nothing more than a reminiscence from nineteenth century anthropology. Further, these studies challenge another part of anthropology?s historical legacy: the idea that magic is something that modernity and modernization will transcend. Rather, these studies suggest instead that magic is a form of work that brings modernity into being and helps render it intelligible to those who find themselves engaged in its creation. This volume brings together historical (pre- and post-1989), ethnographic, and areal studies which look at the divergent roles of state, culture, society, tradition, and the individual in enactments of magic and religion. Assessing the role magic and religion have played in the countries of Eastern Europe and beyond before and after the Cold War, it is an absorbing read for scholars of anthropology and history as well as ethnology. 410 0$aSoviet and post-Soviet politics and society ;$v173. 606 $aReligion 606 $amagic 606 $aSocialism 606 $aPostsocialism 615 4$aReligion 615 4$amagic 615 4$aSocialism 615 4$aPostsocialism 676 $a200.91717 702 $aCotofana$b Alexandra$4edt 702 $aNyce$b James$4edt 702 $aUmland$b Andreas$cDr.$4edt 702 $aStasulane$b Anita$4aui 702 $aNyce$b James M$4ctb 702 $aCo?ofan?$b Alexandra$4ctb 702 $aJasarevic$b Larisa$4ctb 702 $aBogdanova$b Zlatina$4ctb 702 $aForrester$b Sibelan$4ctb 702 $aGirigan$b Gabriel$4ctb 702 $aHiiemäe$b Reet$4ctb 702 $aJerotijevi?$b Danijela$4ctb 702 $aLeitane$b Iveta$4ctb 702 $aProvis$b René$4ctb 702 $aRepciuc$b Ioana$4ctb 702 $aPollock$b Jessica$4ctb 801 0$bMiAaPQ 801 1$bMiAaPQ 801 2$bMiAaPQ 906 $aBOOK 912 $a9910959743903321 996 $aReligion and Magic in Socialist and Post-Socialist Contexts II$94414050 997 $aUNINA